[Event "Tournoi Skype 023B"]
[Site "Skype"]
[Date "????.??.??"]
[Round "2.2"]
[White "Escudero Ocana, Francisco"]
[Black "Leyton Calderon, Jairo Oswaldo"]
[Result "0-1"]
[WhiteElo "1338"]
[BlackElo "1572"]
[PlyCount "76"]

1. e4 c5 2. Nf3 g6 3. c3 Bg7 4. d4 cxd4 5. cxd4 Nf6 6. Nc3 O-O 7. e5 Ne8 8. Bf4
d6 9. Bc4 Nc6 10. Qe2 Bg4 11. Rd1 Qa5 12. Bd5 Nc7 13. Bxc6 bxc6 14. exd6 exd6
15. O-O Rfe8 16. Qd3 d5 17. h3 Bd7 18. Be5 Bh6 19. a3 Ne6 20. Rfe1 Nf4 21. Bxf4
Bxf4 22. g3 Bd6 23. Ne5 Bxe5 24. dxe5 Bxh3 25. Qf3 h5 26. Qf6 Re6 27. Qf4 Qc7
28. Kh2 Qd7 29. Kxh3 Rf6+ 30. e6 Qe7 31. exf7+ Qxf7 32. Qa4 Rxf2 33. Re2 Qf5+
34. Kh4 g5+ 35. Kxh5 Qh3+ 36. Kg6 Qh7+ 37. Kxg5 Rf5+ 38. Kg4 Qh5# 0-1

[Event "Tournoi Skype 023B"]
[Site "Skype"]
[Date "????.??.??"]
[Round "2.3"]
[White "Teles, Jeferson Lisboa"]
[Black "Yanez, Leticia Jorgelina"]
[Result "1-0"]
[WhiteElo "1571"]
[BlackElo "1328"]
[PlyCount "67"]

1. e4 e5 2. Nf3 Nc6 3. Bc4 d6 4. O-O Nf6 5. Ng5 Qe7 6. Nxf7 Rg8 7. Nxd6+ cxd6
8. Bxg8 Bg4 9. f3 Bh5 10. Bd5 Nd4 11. c3 Nxd5 12. exd5 Nf5 13. d4 Qh4 14. Qe2
Be7 15. Qb5+ Kf7 16. Qxb7 Rd8 17. dxe5 dxe5 18. Qxa7 Rxd5 19. b4 Ng3 20. hxg3
Qxg3 21. Qf2 Qg6 22. a4 Bf6 23. a5 Rd3 24. Be3 Bh4 25. Qxh4 Rxe3 26. Qc4+ Kf6
27. Qc6+ Kf5 28. Qxg6+ Bxg6 29. a6 Re2 30. a7 Kf4 31. Kh2 h5 32. a8=Q e4 33.
fxe4+ Ke3 34. Rf3# 1-0

[Event "Tournoi Skype 023B"]
[Site "Skype"]
[Date "????.??.??"]
[Round "2.4"]
[White "De Nobrega, George"]
[Black "Lemoine, Gerard"]
[Result "1-0"]
[WhiteElo "1323"]
[BlackElo "1567"]
[PlyCount "72"]

1. e4 e6 2. Nf3 d5 3. exd5 Qxd5 4. Nc3 c5 5. Nxd5 exd5 6. Bb5+ Bd7 7. Bxd7+
Nxd7 8. d3 c4 9. dxc4 dxc4 10. Qe2+ Be7 11. Qxc4 Nb6 12. Qc7 Nf6 13. Bg5 Nfd5
14. Qxb7 Bxg5 15. Nxg5 O-O 16. O-O h6 17. Nf3 Rfb8 18. Qa6 Nb4 19. Qe2 Re8 20.
Qd2 N4d5 21. Rfe1 Ne7 22. Qb4 Nbd5 23. Qa3 a5 24. c4 Nb4 25. Rac1 Rad8 26. Rc3
Nbc6 27. h3 Rd7 28. Rd3 Red8 29. Rxd7 Rxd7 30. Ne5 Rc7 31. Nxc6 Nxc6 32. Re8+
Kh7 33. Qd3+ g6 34. Qd6 Re7 35. Rxe7 Nxe7 36. Qxe7 a4 1-0

[Event "Tournoi Skype 023B"]
[Site "Skype"]
[Date "????.??.??"]
[Round "2.5"]
[White "Navghane, Rahul"]
[Black "Franca, Diego"]
[Result "1-0"]
[WhiteElo "1506"]
[BlackElo "1291"]
[PlyCount "87"]

1. e4 c6 2. d4 d5 3. e5 c5 4. Nf3 Nc6 5. dxc5 Bg4 6. Bf4 e6 7. Be2 Nge7 8. Nbd2
Ng6 9. Bg3 Bxc5 10. Nb3 Bb6 11. Nfd4 Bxe2 12. Nxc6 Bxd1 13. Nxd8 Rxd8 14. Rxd1
O-O 15. O-O d4 16. Nd2 Rc8 17. Rc1 Ne7 18. b3 Nf5 19. Bf4 Rfd8 20. Ne4 d3 21.
c4 Rd4 22. Rfe1 Bc5 23. Rcd1 Bb4 24. Bd2 Bxd2 25. Rxd2 Rcd8 26. g4 Ne7 27. f3
Nc6 28. Nf2 Nb4 29. a3 Nc2 30. Red1 Nxa3 31. Nxd3 a6 32. Kf2 b5 33. c5 b4 34.
Ke3 R4d5 35. c6 Nb5 36. Nxb4 Rxe5+ 37. Kf4 Rxd2 38. Rxd2 f6 39. Nxa6 g5+ 40.
Kg3 Rd5 41. Rc2 Nd4 42. c7 Ne2+ 43. Rxe2 Rc5 44. Nxc5 1-0

[Event "Tournoi Skype 023B"]
[Site "Skype"]
[Date "????.??.??"]
[Round "2.6"]
[White "Couto, Januario"]
[Black "Mantelli, Luca"]
[Result "1-0"]
[WhiteElo "1482"]
[BlackElo "1285"]
[PlyCount "61"]

1. e4 e5 2. Nf3 Nc6 3. Bb5 a6 4. Ba4 Nf6 5. O-O Be7 6. d3 d6 7. h3 O-O 8. c3 b5
9. Bc2 h6 10. Re1 Re8 11. Nbd2 Bf8 12. Nf1 g6 13. Ng3 Bg7 14. d4 exd4 15. cxd4
Be6 16. d5 Nb4 17. dxe6 Nxc2 18. exf7+ Kh7 19. fxe8=Q Qxe8 20. Qxc2 Rc8 21. Bf4
c6 22. Bxd6 Qe6 23. e5 Nd7 24. Nh5 Kh8 25. Nxg7 Kxg7 26. Re2 c5 27. Rae1 Qxa2
28. Nh4 Qe6 29. Qe4 c4 30. Qf3 Rb8 31. Bxb8 1-0

[Event "Tournoi Skype 023B"]
[Site "Skype"]
[Date "????.??.??"]
[Round "2.7"]
[White "Vilone, Rino"]
[Black "Hargez, Dany"]
[Result "1-0"]
[WhiteElo "1466"]
[BlackElo "1282"]
[PlyCount "107"]

1. e4 e5 2. f4 exf4 3. Nf3 d6 4. h3 Nf6 5. Nc3 d5 6. e5 Ne4 7. d4 Ng3 8. Rg1
Bb4 9. Bxf4 Ne4 10. Bd2 Nc6 11. Qe2 Bf5 12. g4 Bxc3 13. bxc3 Qd7 14. gxf5 Qxf5
15. Rxg7 O-O-O 16. Bg5 Ng3 17. Qd3 Ne4 18. Bxd8 Nxd8 19. Be2 Ne6 20. Rg4 N6g5
21. Rxg5 Qxh3 22. O-O-O Qd7 23. Nh4 Qa4 24. Kb1 Nxg5 25. Qf5+ Ne6 26. Qxf7 Qc6
27. Bg4 Re8 28. Qxh7 Qxc3 29. Bxe6+ Rxe6 30. Qg8+ Kd7 31. Qf7+ Re7 32. Qxd5+
Kc8 33. Nf5 Rd7 34. Ne7+ Rxe7 35. Qb3 Qc6 36. d5 Qd7 37. e6 Rxe6 38. dxe6 Qxd1+
39. Kb2 Qd4+ 40. Ka3 Qd6+ 41. Kb2 Qb6 42. Kc3 Qxb3+ 43. axb3 Kd8 44. Kd4 Ke7
45. Ke5 c5 46. c4 a6 47. Kd5 b6 48. Kc6 b5 49. Kxc5 Kxe6 50. cxb5 a5 51. Kc6
Ke7 52. Kc7 Ke6 53. b6 Kd5 54. b7 1-0

[Event "Tournoi Skype 023B"]
[Site "Skype"]
[Date "????.??.??"]
[Round "2.8"]
[White "Sanchez Padilla, Armando Edilber"]
[Black "Aceituno, Stebe"]
[Result "0-1"]
[WhiteElo "1287"]
[BlackElo "1458"]
[PlyCount "110"]

1. e4 c5 2. Nf3 Nc6 3. Bc4 e6 4. O-O d6 5. d4 cxd4 6. Nxd4 Be7 7. Nf3 Nf6 8.
Nc3 O-O 9. Re1 a6 10. a4 b6 11. e5 dxe5 12. Qxd8 Rxd8 13. Nxe5 Bb7 14. Nxc6
Bxc6 15. Be3 Rab8 16. Bxa6 Bc5 17. Bf4 Ra8 18. Bd3 Ng4 19. Bg3 e5 20. h3 Nf6
21. Bxe5 Ra5 22. Nb5 h6 23. Rad1 Kf8 24. Bc3 Rxa4 25. b3 Rf4 26. Rd2 Rxd3 27.
cxd3 Bxb5 28. d4 Bd6 29. g3 Rf3 30. Rc2 g6 31. Ra1 Bc6 32. Bb2 Bd5 33. Rc8+ Kg7
34. Rd8 Rxb3 35. Rxd6 Rxb2 36. f4 Rg2+ 37. Kf1 Rxg3 38. Ra6 Bc4+ 39. Kf2 Ne4+
40. Ke1 Nxd6 41. Rxb6 Nf5 42. Rb4 Bd5 43. Kf2 Rxh3 44. Rb5 Rf3+ 45. Ke1 Bc4 46.
Rb4 Ne3 47. Kd2 Bd5 48. Kd3 Nf5+ 49. Kc2 Rxf4 50. Kc3 h5 51. Rb5 Rxd4 52. Rxd5
Rxd5 53. Kc4 Rd1 54. Kc3 h4 55. Kc2 Rd8 0-1

[Event "Tournoi Skype 023B"]
[Site "Skype"]
[Date "????.??.??"]
[Round "2.9"]
[White "Battaglia, Gabriele"]
[Black "Kruzeniski, Randy"]
[Result "0-1"]
[WhiteElo "1283"]
[BlackElo "1427"]
[PlyCount "81"]

1. Nf3 Nf6 2. g3 g6 3. Bg2 Bg7 4. O-O O-O 5. d3 c5 6. Nbd2 d6 7. e4 Nc6 8. Re1
Qc7 9. h4 h5 10. Ng5 Nh7 11. Ndf3 Bg4 12. c3 a5 13. Qb3 e6 14. Nh2 Nxg5 15.
Nxg4 Nh7 16. Nh2 Ne5 17. Qc2 Nf6 18. f4 Neg4 19. Nf3 Nd7 20. f5 exf5 21. exf5
gxf5 22. Bg5 Ndf6 23. Qd2 Rae8 24. Bh6 Bxh6 25. Ng5 Rxe1+ 26. Rxe1 Qd7 27. Qe2
Re8 28. Qd2 Rxe1+ 29. Qxe1 b6 30. d4 Ne5 31. Nf3 Nd3 32. Qb1 Be3+ 33. Kf1 Nf2
34. Qe1 cxd4 35. cxd4 Qb5+ 36. Qe2 Qxe2+ 37. Kxe2 N6g4 38. Ne1 Bxd4 39. b3 Be5
40. Kf3 d5 41. Bh3 0-1

[Event "Tournoi Skype 023B"]
[Site "Skype"]
[Date "????.??.??"]
[Round "2.10"]
[White "Moumtaz, Abderrahim"]
[Black "Malbec, Robert"]
[Result "1-0"]
[WhiteElo "1280"]
[BlackElo "1401"]
[PlyCount "105"]

1. d4 d5 2. c4 e6 3. Nf3 a6 4. Nc3 Bb4 5. Qc2 Nf6 6. Bd2 dxc4 7. e3 Bxc3 8.
Bxc3 b5 9. e4 O-O 10. Be2 Bb7 11. d5 exd5 12. Bxf6 Qxf6 13. exd5 Bxd5 14. O-O
Nd7 15. Rfd1 c6 16. Rac1 h6 17. b3 Bxf3 18. Bxf3 Ne5 19. Be4 g6 20. Qc3 Qe6 21.
Re1 Qd6 22. Red1 Qe6 23. Re1 Qd6 24. Red1 Qc7 25. h3 Rad8 26. Rd4 Rxd4 27. Qxd4
Rd8 28. Qe3 Kg7 29. f4 Nd3 30. Bxd3 Rxd3 31. Qe5+ Qxe5 32. fxe5 Kf8 33. bxc4
bxc4 34. Rxc4 Re3 35. Rxc6 a5 36. Rc5 a4 37. Kf2 Re4 38. Kf3 Re1 39. Kf2 Ra1
40. Rc2 Rxa2 41. Rxa2 Ke7 42. Rxa4 Ke6 43. Re4 Kd5 44. Ke3 Ke6 45. Kd4 f5 46.
exf6+ Kxf6 47. Kd5 g5 48. g4 Kg6 49. Re6+ Kg7 50. Ke5 Kh7 51. Kf5 Kg7 52. Rf6
Kh7 53. Rg6 1-0

[Event "Tournoi Skype 023B"]
[Site "Skype"]
[Date "????.??.??"]
[Round "2.11"]
[White "Hernandez, George"]
[Black "Ram, Madhukesh"]
[Result "0-1"]
[WhiteElo "1395"]
[BlackElo "1275"]
[PlyCount "50"]

1. e4 c5 2. Nf3 d6 3. d4 cxd4 4. Nxd4 Nf6 5. Nc3 a6 6. f3 e5 7. Nb3 Nc6 8. Be3
Be6 9. Nd5 Bxd5 10. exd5 Ne7 11. Bg5 Nexd5 12. Qd2 Be7 13. Bc4 Nb6 14. Na5 Nxc4
15. Nxc4 O-O 16. O-O-O h6 17. Bxh6 gxh6 18. Qxh6 Nh7 19. Kb1 Qc7 20. Ne3 Rac8
21. Rd2 Bg5 22. Qxd6 Qxd6 23. Rxd6 Bxe3 24. g4 Rfd8 25. Rxd8+ Rxd8 0-1

[Event "Tournoi Skype 023B"]
[Site "Skype"]
[Date "????.??.??"]
[Round "2.12"]
[White "Khabou, Taha"]
[Black "Morelli, Daniel"]
[Result "1/2-1/2"]
[WhiteElo "1274"]
[BlackElo "1394"]
[PlyCount "71"]

1. d4 e5 2. dxe5 Nc6 3. Nf3 Qe7 4. Bf4 Qb4+ 5. Nc3 Qxf4 6. Nd5 Bb4+ 7. c3 Bxc3+
8. bxc3 Qc4 9. Nxc7+ Kd8 10. Nxa8 Qxc3+ 11. Nd2 Nd4 12. Rc1 Qa5 13. Nc7 Nc6 14.
Ne6+ fxe6 15. e3 Nxe5 16. a4 a6 17. Be2 Nf6 18. O-O h5 19. Nc4 Nxc4 20. Bxc4 d5
21. Re1 Bd7 22. Bb3 g5 23. h3 g4 24. h4 Ne4 25. Qd4 Rf8 26. Rf1 Nd2 27. Rc5
Nxb3 28. Rxa5 Nxd4 29. exd4 Rf4 30. Rd1 Bc8 31. Rc5 Bd7 32. a5 Re4 33. Kh2 Bc6
34. Kg3 Re2 35. Rb1 Rd2 36. Rb4 1/2-1/2

[Event "Tournoi Skype 023B"]
[Site "Skype"]
[Date "????.??.??"]
[Round "2.13"]
[White "Munoz Gonzalez, Martin"]
[Black "Amato, Ludovica"]
[Result "1-0"]
[WhiteElo "1394"]
[BlackElo "1230"]
[PlyCount "84"]

1. e4 e5 2. Nf3 Nc6 3. Bc4 Nf6 4. O-O Be7 5. d4 exd4 6. e5 Ng4 7. Bf4 d6 8.
exd6 Bxd6 9. Bxd6 Qxd6 10. Bb5 O-O 11. Bxc6 Qxc6 12. Nxd4 Qb6 13. Nb3 Bf5 14.
Nc3 Rad8 15. Qf3 Be6 16. Rfe1 Rfe8 17. h3 Nf6 18. Rad1 Rxd1 19. Rxd1 c6 20. Qd3
h6 21. Na4 Qb4 22. Nac5 Bc4 23. Qd4 Re1+ 24. Kh2 Rxd1 25. Qxd1 Bd5 26. Qd2 Qxd2
27. Nxd2 b5 28. a3 a5 29. Ndb3 Ne4 30. Nxe4 Bxe4 31. Nxa5 Bxc2 32. Nxc6 g5 33.
Nd4 Bd3 34. Kg3 f5 35. f4 Kf7 36. fxg5 hxg5 37. h4 gxh4+ 38. Kxh4 Kg6 39. Kg3
Kg5 40. Kf3 Be4+ 41. Kf2 Kg4 42. Nxb5 f4 1-0

[Event "Tournoi Skype 023B"]
[Site "Skype"]
[Date "????.??.??"]
[Round "2.14"]
[White "Erten, Ozlem"]
[Black "Borg, Anthony"]
[Result "1-0"]
[WhiteElo "1256"]
[BlackElo "1390"]
[PlyCount "43"]

1. d4 d5 2. Bf4 Nf6 3. Nf3 Nbd7 4. e3 c5 5. c3 cxd4 6. cxd4 Ne4 7. Bd3 Qa5+ 8.
Nbd2 Nxd2 9. Qxd2 Qd8 10. O-O e6 11. Rac1 Be7 12. Bc7 Qxc7 13. Rxc7 O-O 14. Qc2
g6 15. Bb5 Bf6 16. Bxd7 Bxd7 17. Rxd7 Rac8 18. Qb3 b6 19. Rd6 Rc7 20. Qa4 Rfc8
21. g3 Be7 22. Rd7 1-0

[Event "Tournoi Skype 023B"]
[Site "Skype"]
[Date "????.??.??"]
[Round "2.15"]
[White "Harmelle, Dominique"]
[Black "Bankhede, Shivkumar"]
[Result "1-0"]
[WhiteElo "1362"]
[BlackElo "1226"]
[PlyCount "77"]

1. d4 d5 2. Bf4 Nf6 3. c4 c6 4. Nc3 e6 5. Qb3 Nbd7 6. Nf3 Nb6 7. e3 dxc4 8.
Bxc4 Nxc4 9. Qxc4 Be7 10. O-O O-O 11. Rfd1 Re8 12. a4 Qb6 13. Rdb1 Nd5 14. Nxd5
cxd5 15. Qd3 Bd7 16. Ne5 Rad8 17. Qe2 f6 18. Nd3 e5 19. dxe5 Bf5 20. g4 Bg6 21.
b4 fxe5 22. Bxe5 Qe6 23. Bg3 Rf8 24. Nf4 Qe4 25. Nxg6 Qxg6 26. b5 Bf6 27. f4
Bxa1 28. Rxa1 Rde8 29. f5 Qb6 30. Bf4 Re4 31. Qd3 Rxf4 32. Qxd5+ Kh8 33. Re1
Rxg4+ 34. Kh1 Qa5 35. Rd1 Rxa4 36. Qd6 Re8 37. f6 gxf6 38. Qxf6+ Kg8 39. Rg1+
1-0

[Event "Tournoi Skype 023B"]
[Site "Skype"]
[Date "????.??.??"]
[Round "2.16"]
[White "Douichi, Mohammed"]
[Black "Montalvo, Mario"]
[Result "0-1"]
[WhiteElo "1245"]
[BlackElo "1360"]
[PlyCount "126"]

1. e4 c5 2. d4 cxd4 3. Qxd4 Nc6 4. Qd1 Nf6 5. Bd3 g6 6. Nf3 Bg7 7. O-O O-O 8.
c3 d6 9. h3 Qb6 10. Nbd2 a6 11. Nc4 Qc7 12. Be3 b5 13. Nb6 Rb8 14. Nd5 Nxd5 15.
exd5 Ne5 16. Be2 Bd7 17. Bf4 Nc4 18. Bxc4 Qxc4 19. Qd2 Rfe8 20. Rfe1 a5 21. Be3
b4 22. Bd4 Bxd4 23. Qxd4 Qxd4 24. Nxd4 bxc3 25. bxc3 Kf8 26. a4 Rb2 27. c4 Rc8
28. Rec1 Rb4 29. Kf1 Rbxc4 30. Rxc4 Rxc4 31. Nc6 Bxc6 32. dxc6 Rxc6 33. Rb1 Rc4
34. Rb8+ Kg7 35. Rb7 Kf6 36. Ra7 Rxa4 37. g4 g5 38. Ra6 Ra2 39. Kg2 a4 40. Ra5
e6 41. Kg3 d5 42. f4 Ra3+ 43. Kg2 gxf4 44. Ra8 Rg3+ 45. Kh2 a3 46. Ra4 Kg6 47.
Rxf4 Rc3 48. Ra4 e5 49. Ra5 Rc2+ 50. Kg3 a2 51. Kh4 d4 52. Ra6+ Kg7 53. Kg5 d3
54. h4 d2 55. Kf5 d1=Q 56. Rh6 Kxh6 57. g5+ Kg7 58. Kxe5 Re2+ 59. Kf4 Qf1+ 60.
Kg3 Qf2+ 61. Kg4 Re4+ 62. Kh3 Re3+ 63. Kg4 Qf3# 0-1

[Event "Tournoi Skype 023B"]
[Site "Skype"]
[Date "????.??.??"]
[Round "2.17"]
[White "Gerbaux, Regis"]
[Black "Yilmazer, Seher"]
[Result "0-1"]
[WhiteElo "1357"]
[BlackElo "1148"]
[PlyCount "40"]

1. e4 e5 2. d4 exd4 3. c3 dxc3 4. Bc4 cxb2 5. Bxb2 d5 6. Bxd5 Bb4+ 7. Nc3 Bxc3+
8. Bxc3 Nf6 9. Bb3 Qxd1+ 10. Rxd1 Nxe4 11. Bxg7 Rg8 12. Be5 Rxg2 13. Bd5 f5 14.
Bxc7 Nc6 15. Ne2 Nb4 16. Bb3 Nxf2 17. Rd8+ Ke7 18. Rf1 Nbd3+ 19. Kd2 Nc5 20.
Ba5 b6 0-1

[Event "Tournoi Skype 023B"]
[Site "Skype"]
[Date "????.??.??"]
[Round "2.18"]
[White "Kumar Keshri, Siddharth"]
[Black "Silva, Givson"]
[Result "1-0"]
[WhiteElo "1000"]
[BlackElo "1365"]
[PlyCount "29"]

1. c4 e5 2. b3 Nf6 3. d3 Bc5 4. h3 Ng4 5. hxg4 Qf6 6. Nf3 Qb6 7. e3 Nc6 8. Bb2
d6 9. g5 Bf5 10. Nh4 Be6 11. a3 d5 12. b4 Bd6 13. c5 Bxc5 14. bxc5 Qb3 15. Qxb3
1-0

[Event "Tournoi Skype 023B"]
[Site "Skype"]
[Date "????.??.??"]
[Round "2.19"]
[White "Bacha, Mehdi"]
[Black "Vervoort, Jean-Louis"]
[Result "1/2-1/2"]
[WhiteElo "1142"]
[BlackElo "1309"]
[PlyCount "89"]

1. b3 e5 2. Bb2 d6 3. e3 Nc6 4. c4 Nf6 5. a3 g6 6. d3 Bg4 7. Nf3 Bg7 8. Nc3 O-O
9. Be2 Bxf3 10. Bxf3 Qd7 11. O-O Rfe8 12. Nb5 a6 13. Nc3 Qf5 14. Ne4 Nxe4 15.
Bxe4 Qg5 16. Bxc6 bxc6 17. Rb1 e4 18. Bxg7 Kxg7 19. b4 Qf6 20. d4 c5 21. d5
cxb4 22. Rxb4 Rab8 23. Qa4 Ra8 24. Rb7 Qd8 25. Qa5 Re7 26. Qc3+ f6 27. Rfb1 h5
28. Qd4 h4 29. Ra7 Qc8 30. Rxa8 Qxa8 31. Rb3 Re8 32. Qb2 Qc8 33. Rb7 Kh6 34.
Ra7 Qg4 35. h3 Qc8 36. Rb7 f5 37. Qb1 g5 38. Rb2 g4 39. hxg4 fxg4 40. g3 h3 41.
Kh2 Qf5 42. a4 Qf3 43. Qh1 Qf5 44. Ra2 Rf8 45. Qg1 1/2-1/2

[Event "Tournoi Skype 023B"]
[Site "Skype"]
[Date "????.??.??"]
[Round "2.21"]
[White "Le Bouill, Pierre"]
[Black "Quillien, Pierre-Yves"]
[Result "0-1"]
[WhiteElo "1165"]
[BlackElo "1466"]
[PlyCount "74"]

1. Nf3 e6 2. d4 Nf6 3. g3 c5 4. Bg2 Nc6 5. a3 Be7 6. O-O O-O 7. c3 b6 8. Ne5
Bb7 9. Bg5 h6 10. Bxf6 Bxf6 11. Nf3 Qc7 12. e3 Rad8 13. Qc2 d6 14. Nbd2 Ne7 15.
b4 cxd4 16. exd4 Bxf3 17. Nxf3 Nf5 18. Bh3 Nxd4 19. Nxd4 Bxd4 20. Rac1 Be5 21.
c4 h5 22. c5 dxc5 23. bxc5 bxc5 24. Qxc5 Rc8 25. Qe3 Qb8 26. Rfe1 Rxc1 27. Rxc1
h4 28. f4 Bd6 29. Rd1 hxg3 30. hxg3 Rc8 31. a4 Bc5 32. Rd8+ Rxd8 33. Qxc5 Qb6
34. Qf2 Qxf2+ 35. Kxf2 Rd5 36. Bg2 Rd4 37. Ke3 Rxa4 0-1

[Event "Tournoi Skype 023B"]
[Site "Skype"]
[Date "????.??.??"]
[Round "2.22"]
[White "Cayo, Ana Carolina"]
[Black "Porcabeuf, Jean-Marc"]
[Result "1-0"]
[WhiteElo "1449"]
[BlackElo "1177"]
[PlyCount "57"]

1. d4 d5 2. Nf3 Bf5 3. Bf4 e6 4. e3 Ne7 5. Nbd2 Ng6 6. Bg3 Bd6 7. Be2 O-O 8.
Ne5 Nd7 9. Ndf3 c5 10. c3 Nf6 11. Bd3 Bxd3 12. Qxd3 c4 13. Qc2 Ne4 14. Rd1 Qc7
15. Nxg6 fxg6 16. Bxd6 Qxd6 17. O-O Rf5 18. Rde1 Raf8 19. Re2 Ng5 20. Nh4 R5f6
21. f3 e5 22. dxe5 Qxe5 23. f4 Nh3+ 24. gxh3 Qe6 25. Qd2 Qxh3 26. Ng2 Rf5 27.
e4 dxe4 28. Ne3 Qg4+ 29. Nxg4 1-0

[Event "Tournoi Skype 023B"]
[Site "Skype"]
[Date "????.??.??"]
[Round "2.23"]
[White "Duthoit, Bernard"]
[Black "Farthouat, Catherine"]
[Result "1-0"]
[WhiteElo "1421"]
[BlackElo "1129"]
[PlyCount "55"]

1. e4 c5 2. Nf3 d6 3. c3 Nf6 4. e5 dxe5 5. Nxe5 e6 6. Bb5+ Bd7 7. Bxd7+ Nbxd7
8. Nxd7 Qxd7 9. O-O Be7 10. Na3 a6 11. Nc2 O-O 12. Re1 b5 13. Ne3 Qc7 14. a3
Rad8 15. b4 c4 16. Qe2 Rfe8 17. a4 Nd5 18. axb5 axb5 19. d3 cxd3 20. Qxd3 Nf4
21. Qc2 Bf6 22. Bb2 Nd3 23. Red1 Nxb2 24. Rxd8 Rxd8 25. Qxb2 Bxc3 26. Rc1 Rd3
27. Qc2 f5 28. Qxd3 1-0

[Event "Tournoi Skype 023B"]
[Site "Skype"]
[Date "????.??.??"]
[Round "2.24"]
[White "Vincent, Andre"]
[Black "Scata, Laura"]
[Result "0-1"]
[WhiteElo "1372"]
[BlackElo "1106"]
[PlyCount "110"]

1. e4 c6 2. Nf3 d5 3. exd5 cxd5 4. d4 Bg4 5. Bb5+ Nd7 6. O-O Bxf3 7. Qxf3 e6 8.
Nc3 Ngf6 9. Re1 a6 10. Ba4 Bb4 11. Bg5 b5 12. Bb3 O-O 13. Re3 Be7 14. a3 h6 15.
Bf4 Qb6 16. Rd1 a5 17. Be5 a4 18. Ba2 b4 19. Nxd5 Nxd5 20. Bxd5 exd5 21. Qxd5
Nxe5 22. Rxe5 Qd6 23. Qxd6 Bxd6 24. Re3 Rab8 25. axb4 Rxb4 26. b3 axb3 27. Rxb3
Rfb8 28. Rdd3 Kf8 29. g3 Ke7 30. Kf1 Ke6 31. f4 Kd5 32. Ke2 Rxb3 33. Rxb3 Kxd4
34. Rd3+ Kc5 35. Kd2 Bc7 36. Rc3+ Kb6 37. Rb3+ Kc6 38. Rxb8 Bxb8 39. c4 Kc5 40.
Kd3 f5 41. h3 Kb4 42. Kd4 Ba7+ 43. Kd5 Bf2 44. g4 g6 45. gxf5 gxf5 46. Ke5 Kxc4
47. Kxf5 h5 48. Kg5 h4 49. f5 Kd5 50. f6 Ke6 51. Kg6 Bc5 52. Kg7 Kf5 53. f7 Kf4
54. Kg6 Be7 55. Kh5 Kg3 0-1

[Event "Tournoi Skype 023B"]
[Site "Skype"]
[Date "????.??.??"]
[Round "2.25"]
[White "Baker, Abi"]
[Black "Codina, Teresa"]
[Result "1-0"]
[WhiteElo "1110"]
[BlackElo "1287"]
[PlyCount "47"]

1. c4 e5 2. Nc3 Nf6 3. d3 Bb4 4. a3 Bxc3+ 5. bxc3 c5 6. e4 O-O 7. Ne2 Nc6 8. g3
d6 9. Bg2 Bd7 10. O-O Re8 11. Rb1 Qc8 12. f4 Bh3 13. f5 Bxg2 14. Kxg2 Ng4 15.
d4 exd4 16. cxd4 Rxe4 17. dxc5 dxc5 18. Nc3 Ne3+ 19. Bxe3 Rxe3 20. Nd5 Re5 21.
f6 g6 22. h4 h5 23. Qd3 Qd7 24. Ne7+ 1-0

[Event "Tournoi Skype 023B"]
[Site "Skype"]
[Date "????.??.??"]
[Round "2.27"]
[White "K, Ashoka"]
[Black "Mimouni, Driss"]
[Result "1-0"]
[WhiteElo "1268"]
[BlackElo "1038"]
[PlyCount "31"]

1. d4 d5 2. Nf3 Nc6 3. e3 Bf5 4. Nc3 Nb4 5. Bd3 Nxd3+ 6. cxd3 Nf6 7. O-O e6 8.
Re1 Bd6 9. e4 dxe4 10. dxe4 Bg4 11. e5 Bb4 12. exf6 Qxf6 13. Qa4+ c6 14. Qxb4
b6 15. Bg5 Qg6 16. Qe7# 1-0

[Event "Tournoi Skype 023B"]
[Site "Skype"]
[Date "????.??.??"]
[Round "2.28"]
[White "Tekes, Gamze"]
[Black "Torres, Vicky"]
[Result "0-1"]
[WhiteElo "1034"]
[BlackElo "1265"]
[PlyCount "46"]

1. e4 e5 2. Nc3 Nc6 3. Nf3 d6 4. Bb5 Bd7 5. b3 Nf6 6. d3 Be7 7. Bg5 O-O 8. Qe2
Nd4 9. Nxd4 exd4 10. Bc4 dxc3 11. h4 c6 12. h5 h6 13. Bf4 Bg4 14. f3 Be6 15. g4
Nh7 16. Qg2 Bg5 17. Bxg5 Qxg5 18. Bxe6 fxe6 19. a4 Qe3+ 20. Kf1 Rxf3+ 21. Qxf3
Qxf3+ 22. Ke1 Qxh1+ 23. Ke2 Qxa1 0-1

[Event "Tournoi Skype 023B"]
[Site "Skype"]
[Date "????.??.??"]
[Round "2.29"]
[White "Khatanhar, Mohit"]
[Black "Barrionuevo, Hilario"]
[Result "1-0"]
[WhiteElo "1259"]
[BlackElo "1000"]
[PlyCount "89"]

1. e4 e5 2. Nf3 Nc6 3. Be2 d6 4. h3 h6 5. d3 Nf6 6. Be3 d5 7. exd5 Nxd5 8. Bd2
Bf5 9. O-O e4 10. dxe4 Bxe4 11. Re1 Bd6 12. Bd3 O-O 13. Bxe4 Nf4 14. Bxf4 Bxf4
15. Nbd2 f5 16. Bxc6 Bxd2 17. Nxd2 bxc6 18. Kh1 Rf6 19. c3 Qd5 20. f4 Rg6 21.
Qe2 Re6 22. Qf2 Rae8 23. Rxe6 Rxe6 24. Nf3 g5 25. fxg5 hxg5 26. Nxg5 f4 27.
Qxf4 Rg6 28. Nf3 Qe6 29. Qxc7 Rg7 30. Qf4 Rf7 31. Qb8+ Rf8 32. Qxa7 Rf7 33. Qa6
Rf6 34. Re1 Qd6 35. Qc8+ Rf8 36. Qg4+ Kh8 37. Re6 Qd1+ 38. Kh2 Qd7 39. Ng5 Rf2
40. Qh5+ Kg8 41. Rg6+ Kf8 42. Qh6+ Ke8 43. Re6+ Kd8 44. Rd6 Rxg2+ 45. Kxg2 1-0

[Event "Tournoi Skype 023B"]
[Site "Skype"]
[Date "????.??.??"]
[Round "2.30"]
[White "Gonzalez, Ivan"]
[Black "Maccaferri, Massimo"]
[Result "1-0"]
[WhiteElo "1000"]
[BlackElo "1259"]
[PlyCount "47"]

1. e4 e5 2. Nf3 Nc6 3. Nc3 d6 4. a3 h5 5. Bc4 g5 6. h3 g4 7. hxg4 Bxg4 8. d3
Be7 9. Be3 Bg5 10. Qd2 Bxe3 11. fxe3 Bxf3 12. gxf3 h4 13. O-O-O Qf6 14. Rdf1
Qxf3 15. Rxf3 f6 16. Qe1 O-O-O 17. Nd5 Rf8 18. Qg1 Rh5 19. Qg4+ f5 20. Qxh5 Nf6
21. Qxf5+ Nd7 22. Qh3 Kd8 23. Qxh4+ Ke8 24. Nxc7# 1-0

[Event "Tournoi Skype 023B"]
[Site "Skype"]
[Date "????.??.??"]
[Round "2.31"]
[White "Marty, Yvette"]
[Black "Hernandez Lopez, Joaquin"]
[Result "0-1"]
[WhiteElo "1000"]
[BlackElo "1251"]
[PlyCount "40"]

1. e4 c5 2. c4 Nc6 3. Nf3 d6 4. d4 cxd4 5. Nxd4 Nf6 6. Nd2 Nxd4 7. b3 Qa5 8.
Be2 Nxe4 9. O-O Bf5 10. f3 Nf6 11. f4 Qb6 12. Nf3 Nxb3+ 13. Be3 Qxe3+ 14. Kh1
Nxa1 15. Qxa1 Qxe2 16. Ng1 Qxc4 17. Nf3 Qxf4 18. g3 Qe4 19. Kg1 Bh3 20. Re1
Qxf3 0-1

[Event "Tournoi Skype 023B"]
[Site "Skype"]
[Date "????.??.??"]
[Round "2.32"]
[White "Schnell, Nicolas"]
[Black "Bustos, Ricardo"]
[Result "0-1"]
[WhiteElo "1000"]
[BlackElo "1241"]
[PlyCount "50"]

1. e4 c5 2. Nc3 Nc6 3. Nf3 d6 4. Bd3 a6 5. O-O Nf6 6. Re1 e5 7. Bc4 Be7 8. Ng5
O-O 9. Re3 b5 10. Be2 h6 11. Rg3 hxg5 12. Rxg5 Nxe4 13. Rh5 Nf6 14. Rh4 Nh7 15.
Bh5 Bxh4 16. Qf3 Qc7 17. d3 Nf6 18. Bg5 Bxg5 19. Ne4 Nxe4 20. dxe4 Be6 21. Rd1
Nd4 22. Bxf7+ Qxf7 23. Qg3 Ne2+ 24. Kf1 Nxg3+ 25. hxg3 Qxf2# 0-1

[Event "Tournoi Skype 023B"]
[Site "Skype"]
[Date "????.??.??"]
[Round "2.33"]
[White "Ruiz Gomez, Luz Alba"]
[Black "Lawton, Tony"]
[Result "1-0"]
[WhiteElo "1235"]
[BlackElo "1000"]
[PlyCount "65"]

1. d4 e6 2. c3 c5 3. Nf3 Nc6 4. h3 cxd4 5. Nxd4 Nxd4 6. cxd4 Bb4+ 7. Bd2 Bd6 8.
e4 b6 9. Bd3 Bb7 10. O-O Ne7 11. Nc3 a6 12. Bg5 Qc7 13. g3 Ng6 14. Re1 h6 15.
Bd2 Be7 16. Rc1 Qd8 17. e5 d6 18. exd6 Bxd6 19. Bxg6 fxg6 20. Rxe6+ Kf7 21. Qg4
g5 22. Qf5+ Kg8 23. Rce1 Bc6 24. Nd5 Ra7 25. Bb4 Rf7 26. Rxd6 Qxd6 27. Qxf7+
Kxf7 28. Bxd6 Bxd5 29. Re7+ Kg6 30. Be5 Bxa2 31. Rxg7+ Kf5 32. Re7 Bd5 33. Bxh8
1-0

[Event "Tournoi Skype 023B"]
[Site "Skype"]
[Date "????.??.??"]
[Round "2.34"]
[White "Cengiz, Ali Ekber"]
[Black "Ozyuksel, Gulcan"]
[Result "1/2-1/2"]
[WhiteElo "1227"]
[BlackElo "1000"]
[PlyCount "44"]

1. e4 e5 2. Nf3 Nf6 3. Bc4 g6 4. d3 Bg7 5. Bg5 O-O 6. c3 Nc6 7. a3 d6 8. h3 Qe8
9. O-O Na5 10. Bb5 Qxb5 11. b4 Be6 12. bxa5 Qb2 13. Nbd2 Qxc3 14. Nc4 d5 15.
Bd2 Qxd3 16. Ncxe5 Qxe4 17. Re1 Qf5 18. Nd4 Qh5 19. Qxh5 gxh5 20. f4 Ne4 21.
Bb4 Rfe8 22. Nb5 Rec8 1/2-1/2